| 000 | 00923nas a2200289 4500 | ||
|---|---|---|---|
| 001 | BR8204405 | ||
| 003 | BR-BrBNA | ||
| 005 | 20231205085218.0 | ||
| 007 | ta | ||
| 008 | 230509b bl.|||p| |||| 00| 00por d | ||
| 040 |
_aBR-BrBNA _bpor _cBiblioteca Nacional de Agricultura |
||
| 041 | _a(Pt) | ||
| 072 | _aF00; H70 | ||
| 100 | 1 | _aCaetano, W. | |
| 100 | 1 | _aSchweder, C.R. | |
| 100 | 1 | _aBarth, R. | |
| 245 | 1 | _aComportamento de quatro hibridos de milho frente ao ataque de insetos de graos armazenados em espigas pelo retardamento da colheita [Zea mays, Brasil] | |
| 650 | _aPRODUTO ARMAZENADO | ||
| 650 | _aCOLHEITA | ||
| 650 | _aINSETO | ||
| 650 | _aGORGULHO DOS CEREAIS | ||
| 650 | _aTRACA DOS CEREAIS | ||
| 650 | _aMILHO HIBRIDO | ||
| 773 | 0 |
_tAgronomia Sulriograndense (Brazil) _xISSN 0400-8111 _g(1982), v. 18(2) p. 25-31 _wBR8204405 |
|
| 909 |
_a202311 _bLúcia _c55 _dLúcia Elande |
||
| 942 |
_2AGRIS _n0 _cANA |
||
| 999 |
_c110023 _d110023 |
||